000 00778nam a22002177a 4500
999 _c15556
_d15556
003 AR-CdUCM
008 190429b ||||| |||| 00| 0 eng d
040 _aMUNICIPALIDAD PROVINCIAL DEL CUSCO
_cBIBLIOTECA MUNICIPAL DEL CUSCO
082 _a910.201 /
_bOR61
100 _aOrbegoso Villasante, Carlos E.
_933500
245 _aCusco Turístico :
_bPocket Guide /
260 _aCusco.
300 _a24 páginas ;
_bfotografías,
_c20 cm.
500 _aTexto en Ingles.
505 _aContenido: Welcome to Perú -- Cuzco -- Land of the Incas -- Principal Sights in Cuzco -- Churches -- City Tour -- Machupicchu ...
650 _aGuía Turística
_916725
650 _aCusco
_9772
650 _aCentros Arqueológicos
_93230
942 _2ddc
_cLIBROS
945 _aachl
_d2019-04-29